| Tag |
First Indicator |
Second Indicator |
Subfields |
| LEADER |
00000cam a22000008a 4500 |
| 001 |
in00000010397 |
| 005 |
20151007051347.0 |
| 008 |
870422s1987 nmua b 00010 eng |
| 010 |
|
|
|a 87012715
|
| 020 |
|
|
|a 0933452195 :
|c $30.00
|
| 020 |
|
|
|a 0933452209 (pbk.) :
|c $14.95
|
| 035 |
|
|
|a (OCoLC)15652294
|
| 035 |
|
|
|9 AAA2603AM
|
| 040 |
|
|
|a DLC
|c DLC
|d m/c
|d TXA
|d UtOrBLW
|
| 043 |
|
|
|a n-us-nm
|
| 049 |
|
|
|a TXAM
|c [A12619668]
|
| 050 |
0 |
0 |
|a F805.S75
|b W37 1987
|
| 082 |
0 |
|
|a 978.9/00468073
|2 19
|
| 100 |
1 |
|
|a Warren, Nancy Hunter.
|
| 245 |
1 |
0 |
|a Villages of Hispanic New Mexico /
|c text and photographs by Nancy Hunter Warren.
|
| 264 |
|
1 |
|a Santa Fe, N.M. :
|b School of American Research Press,
|c [1987]
|
| 264 |
|
4 |
|c ©1987
|
| 300 |
|
|
|a xiv, 111 pages :
|b illustrations
|
| 336 |
|
|
|a text
|b txt
|2 rdacontent
|
| 337 |
|
|
|a unmediated
|b n
|2 rdamedia
|
| 338 |
|
|
|a volume
|b nc
|2 rdacarrier
|
| 504 |
|
|
|a Bibliography: pages 109-111.
|
| 650 |
|
0 |
|a Hispanic Americans
|z New Mexico
|x Social life and customs.
|
| 650 |
|
0 |
|a Villages
|z New Mexico
|x Pictorial works.
|
| 651 |
|
0 |
|a New Mexico
|x Social life and customs.
|
| 651 |
|
0 |
|a New Mexico
|x Pictorial works.
|
| 999 |
|
|
|a MARS
|
| 999 |
f |
f |
|s 5290768b-da8a-3920-9523-3d1ee7394e27
|i 2450260a-9914-33d8-bcee-0d8a0e48b63e
|t 0
|
| 952 |
f |
f |
|p ric
|a Texas A&M University
|b Rellis Campus
|c Joint Library Facility
|d Remote Storage
|t 0
|e F805.S75 W37 1987
|h Library of Congress classification
|i unmediated -- volume
|m A14812619668
|
| 998 |
f |
f |
|a F805.S75 W37 1987
|t 0
|l Remote Storage
|